| 000 | 00455cam a2200145 4500500 | ||
|---|---|---|---|
| 005 | 20251228074214.0 | ||
| 041 | _afre | ||
| 042 | _adc | ||
| 100 | 1 | 0 |
_aDéruelle, Aude _eauthor |
| 245 | 0 | 0 | _aLe cas du personnage historique |
| 260 | _c2005. | ||
| 500 | _a23 | ||
| 786 | 0 | _nL'Année balzacienne | 6 | 1 | 2005-06-01 | p. 89-108 | 0084-6473 | |
| 856 | 4 | 1 | _uhttps://shs.cairn.info/revue-l-annee-balzacienne-2005-1-page-89?lang=fr&redirect-ssocas=7080 |
| 999 |
_c1597136 _d1597136 |
||